000 00820nam a2200277Ia 4500
003 OSt
005 20220928121412.0
006 a|||||r|||| 00| 0
007 ta
008 220927b |||||||| |||| 00| 0 eng d
020 _c295
024 _a125467
037 _b182, 17/12/2014, Classic Book Service
_cTextual
040 _aSDCL
_cSDCL
_beng
041 _2eng
_aeng
082 _aB28ObG, Q2
100 _aRao P.S.S. Sundar
_9451970
245 0 _aIntroduction to biostatistics and research methods
250 _a5th ed.
260 _aDelhi
_bPHI learning P. Ltd.
_c2014
300 _axii;268p.
_ccm.
650 _aI I C
700 _a Richard J.
_9451971
942 _hB28ObG, Q2
_cTEXL
_2CC
999 _c765957
_d765957